[Event "Tournoi International de Chamalières"]
[Site "Chamalières"]
[Date "2009.10.28"]
[Round "7.3"]
[White "Piat, Jerome"]
[Black "Robin, Samy"]
[Result "1/2-1/2"]
[WhiteElo "2167"]
[BlackElo "2350"]
[PlyCount "81"]
[EventDate "2009.??.??"]

1. g3 e5 2. Bg2 d5 3. c4 d4 4. d3 c5 5. Nf3 Nc6 6. O-O Be7 7. e3 dxe3 8. fxe3
Nf6 9. Nc3 O-O 10. a3 h6 11. Rb1 Be6 12. Qc2 a5 13. b3 Qd7 14. Bb2 Rad8 15.
Rbd1 Bg4 16. Qe2 Qe6 17. Rd2 Rd7 18. Kh1 Bh3 19. e4 Bxg2+ 20. Kxg2 Ng4 21. Nd1
f5 22. h3 fxe4 23. dxe4 Rxd2 24. Nxd2 Rxf1 25. Nxf1 Nf6 26. Nde3 Nd4 27. Qd3
Qb6 28. Nd2 a4 29. Bxd4 cxd4 30. Nc2 axb3 31. Nxb3 Nxe4 32. Qxe4 Qxb3 33. Nxd4
exd4 34. Qxe7 Qxc4 35. Qe8+ Kh7 36. Qe4+ Kh8 37. Qe8+ Kh7 38. Qe4+ Kh8 39. Qe8+
Kh7 40. Qe4+ Kh8 41. Qe8+ 1/2-1/2

[Event "Tournoi International de Chamalières"]
[Site "Chamalières"]
[Date "2009.10.28"]
[Round "7.4"]
[White "Claverie, Christophe"]
[Black "Blanc, Sebastien"]
[Result "1-0"]
[WhiteElo "2343"]
[BlackElo "2131"]
[PlyCount "41"]
[EventDate "2009.??.??"]

1. Nf3 d5 2. e3 Nf6 3. c4 e6 4. d4 c6 5. Bd3 Nbd7 6. Nbd2 Be7 7. O-O O-O 8. b3
c5 9. Bb2 b6 10. Qe2 Bb7 11. Rac1 Ne4 12. cxd5 exd5 13. Ne5 Nxe5 14. dxe5 Qc8
15. f4 f5 16. exf6 Nxf6 17. Nf3 Qg4 18. Qc2 Ne4 19. Ne5 Qe6 20. Bxe4 dxe4 21.
f5 1-0

[Event "Tournoi International de Chamalières"]
[Site "Chamalières"]
[Date "2009.10.28"]
[Round "7.5"]
[White "Ollier, Pablo"]
[Black "Rouler, Charly"]
[Result "1/2-1/2"]
[WhiteElo "2248"]
[BlackElo "2302"]
[PlyCount "97"]
[EventDate "2009.??.??"]

1. d4 Nf6 2. c4 g6 3. Nc3 Bg7 4. e4 d6 5. Nf3 O-O 6. Be2 Nbd7 7. Bg5 h6 8. Bh4
e5 9. d5 g5 10. Bg3 Nh5 11. h4 g4 12. Nh2 f5 13. exf5 Nc5 14. Nxg4 Nxg3 15.
fxg3 Bxf5 16. O-O e4 17. Qd2 Kh7 18. Ne3 Bd7 19. Rxf8 Qxf8 20. Rf1 Qe7 21. b4
Na6 22. a3 Qe5 23. Nxe4 Kh8 24. Bf3 Re8 25. Re1 Qb2 26. Qd3 Qd4 27. Qxd4 Bxd4
28. Kh2 Bb2 29. b5 Nc5 30. Nxc5 dxc5 31. a4 Bd4 32. Nc2 Rxe1 33. Nxe1 Bf5 34.
Bd1 Bc3 35. Nf3 Bd3 36. Bb3 Kg7 37. g4 Be2 38. Kg3 Bxf3 39. gxf3 Be1+ 40. Kf4
Bxh4 41. Ke5 Kf7 42. d6 Bg3+ 43. f4 cxd6+ 44. Kxd6 Bxf4+ 45. Kxc5 Ke6 46. a5
Be3+ 47. Kb4 Bd2+ 48. Ka4 Kd6 49. Bd1 1/2-1/2

[Event "Tournoi International de Chamalières"]
[Site "Chamalières"]
[Date "2009.10.28"]
[Round "7.6"]
[White "Mania, Clement"]
[Black "Serafimov, Dimitar"]
[Result "1-0"]
[WhiteElo "2066"]
[BlackElo "2210"]
[PlyCount "103"]
[EventDate "2009.??.??"]

1. e4 c6 2. f4 d5 3. Nc3 g6 4. d4 Bg7 5. e5 h5 6. Nf3 Bf5 7. Be2 Nh6 8. O-O a6
9. Kh1 Nd7 10. Be3 e6 11. Na4 Bf8 12. b3 Be7 13. c4 Ng4 14. Bg1 Ba3 15. Qd2 b5
16. cxb5 axb5 17. Nc3 Qa5 18. Nh4 Ke7 19. Nxf5+ gxf5 20. h3 Nh6 21. Bf2 Ng8 22.
Bh4+ Ke8 23. Qc2 Ne7 24. Bd3 Qb6 25. Ne2 Rc8 26. Qd2 Ng6 27. Bg5 f6 28. exf6
Kf7 29. b4 Ra8 30. Rab1 Nxf6 31. Bxf6 Kxf6 32. Rb3 Ra6 33. Bb1 Rha8 34. Qe3 Qa7
35. Rd1 Qe7 36. Qc3 Qd6 37. Qg3 h4 38. Qg5+ Kf7 39. g4 Qe7 40. gxf5 Qxg5 41.
fxe6+ Kxe6 42. fxg5 Ne7 43. Bh7 Ra4 44. Nf4+ Kd7 45. Nd3 Kd6 46. Re1 Rf8 47.
Nc5 Rf7 48. g6 Rg7 49. Re6+ Kc7 50. Nxa4 Bc1 51. Rf3 Bh6 52. Rf7 1-0

[Event "Tournoi International de Chamalières"]
[Site "Chamalières"]
[Date "2009.10.28"]
[Round "7.7"]
[White "Bertin, Jean-Loup"]
[Black "Sanchez, Nicolas"]
[Result "0-1"]
[WhiteElo "1995"]
[BlackElo "2159"]
[PlyCount "74"]
[EventDate "2009.??.??"]

1. d4 Nf6 2. c4 g6 3. Nc3 Bg7 4. e4 d6 5. h3 O-O 6. Nf3 Na6 7. Bg5 Qe8 8. g4 e5
9. d5 Nd7 10. Rg1 Kh8 11. Qd2 Ndc5 12. h4 f5 13. gxf5 gxf5 14. Bh6 Bxh6 15.
Qxh6 Qe7 16. h5 Rf7 17. Rg6 fxe4 18. Ng5 Rg7 19. Rf6 Bg4 20. Ncxe4 Nd7 21. Bd3
Nxf6 22. Nxf6 e4 23. Bxe4 Bf5 24. O-O-O Bxe4 25. Nfxe4 Nc5 26. f3 Nxe4 27. Nxe4
Rf8 28. Qe3 Qe5 29. h6 Rg2 30. Rd2 Rxd2 31. Qxd2 Rxf3 32. Ng5 Rf1+ 33. Kc2 Qf6
34. Kb3 Rf2 35. Qc1 c5 36. Ne4 Qf3+ 37. Ka4 Qxe4 0-1

[Event "Tournoi International de Chamalières"]
[Site "Chamalières"]
[Date "2009.10.28"]
[Round "7.8"]
[White "Nord, Antoine"]
[Black "Marie, Adrien"]
[Result "1-0"]
[WhiteElo "1939"]
[BlackElo "2074"]
[PlyCount "89"]
[EventDate "2009.??.??"]

1. e4 d5 2. exd5 Nf6 3. d4 Nxd5 4. Nf3 g6 5. Be2 Bg7 6. h3 O-O 7. c4 Nb6 8. Nc3
c6 9. Be3 N8d7 10. O-O e5 11. c5 Nd5 12. Nxd5 cxd5 13. dxe5 Nxe5 14. Nxe5 Bxe5
15. Bd4 Re8 16. Bf3 Qg5 17. Re1 Bh2+ 18. Kxh2 Rxe1 19. Qxe1 Qf4+ 20. Kg1 Qxd4
21. Qe8+ Kg7 22. Rd1 Qxc5 23. Bxd5 Qf8 24. Qe4 Qd6 25. Qf3 Qf6 26. Bxb7 Bxb7
27. Qxb7 Re8 28. Qb5 Re5 29. Qd3 Qe7 30. Qc3 Kh6 31. b4 Re2 32. a4 Re4 33. Rb1
Qd7 34. Qb3 Qd2 35. Qxf7 Qc2 36. Qf8+ Kg5 37. Rf1 Qxa4 38. f4+ Kh5 39. Qc5+ Kh6
40. Qf8+ Kh5 41. Qg7 h6 42. f5 Qc6 43. fxg6 Qb6+ 44. Kh1 Qxg6 45. g4+ 1-0

[Event "Tournoi International de Chamalières"]
[Site "Chamalières"]
[Date "2009.10.28"]
[Round "7.9"]
[White "Naudion, Gregoire"]
[Black "Thet, Sylvain"]
[Result "1/2-1/2"]
[WhiteElo "1957"]
[BlackElo "2021"]
[PlyCount "43"]
[EventDate "2009.??.??"]

1. e4 e5 2. Nf3 Nc6 3. d4 exd4 4. Bc4 Nf6 5. e5 d5 6. Bb5 Ne4 7. Nxd4 Bc5 8.
Be3 Bd7 9. Bxc6 bxc6 10. O-O O-O 11. f3 Ng5 12. f4 Ne4 13. Nd2 f5 14. Nxe4 fxe4
15. Qd2 Qe7 16. Nb3 Bb6 17. c4 dxc4 18. Na5 Rad8 19. Nxc4 Be6 20. Qe2 Rd3 21.
Nxb6 cxb6 22. Rfd1 1/2-1/2

[Event "Tournoi International de Chamalières"]
[Site "Chamalières"]
[Date "2009.10.29"]
[Round "8.1"]
[White "Serafimov, Tervel"]
[Black "Gleizerov, Evgeny"]
[Result "1/2-1/2"]
[WhiteElo "2410"]
[BlackElo "2553"]
[PlyCount "26"]
[EventDate "2009.??.??"]

1. c4 e6 2. g3 d5 3. Nf3 c6 4. Bg2 f5 5. O-O Nf6 6. b3 Bd6 7. Bb2 O-O 8. d3 Qe7
9. Nc3 Nbd7 10. Qc2 f4 11. Rae1 Ng4 12. e3 fxe3 13. fxe3 Nde5 1/2-1/2

[Event "Tournoi International de Chamalières"]
[Site "Chamalières"]
[Date "2009.10.29"]
[Round "8.2"]
[White "Mania, Clement"]
[Black "Claverie, Christophe"]
[Result "0-1"]
[WhiteElo "2066"]
[BlackElo "2343"]
[PlyCount "98"]
[EventDate "2009.??.??"]

1. e4 e6 2. f4 d5 3. e5 c5 4. Nf3 Bd7 5. c3 Qb6 6. Na3 Nh6 7. Nc2 Be7 8. g3 Nf5
9. d3 Nc6 10. Bh3 g6 11. O-O h5 12. Kh1 Qa6 13. Qe2 Rc8 14. Bd2 b5 15. b3 Qb6
16. Rfb1 b4 17. cxb4 cxb4 18. Bxf5 gxf5 19. Be3 d4 20. Ncxd4 Nxd4 21. Bxd4 Qb7
22. Rc1 Bc6 23. Kg2 h4 24. Bg1 hxg3 25. hxg3 Kd7 26. Kf2 Rcg8 27. Rc2 Bd8 28.
Rac1 Bd5 29. d4 Rxg3 30. Kxg3 Bxf3 31. Qxf3 Rh3+ 32. Kxh3 Qxf3+ 33. Kh2 Qxf4+
34. Kg2 Qe4+ 35. Kf1 Qd3+ 36. Kg2 f4 37. Bf2 Qe4+ 38. Kf1 f3 39. Be1 Qd3+ 40.
Kg1 Bb6 41. Bf2 Qg6+ 42. Kf1 f6 43. exf6 Qxf6 44. Rc4 Qh6 45. Ke1 Bd8 46. R1c2
Qh1+ 47. Kd2 Bg5+ 48. Be3 f2 49. Rc7+ Kd6 0-1

[Event "Tournoi International de Chamalières"]
[Site "Chamalières"]
[Date "2009.10.29"]
[Round "8.3"]
[White "Robin, Samy"]
[Black "Nord, Antoine"]
[Result "1-0"]
[WhiteElo "2350"]
[BlackElo "1939"]
[PlyCount "69"]
[EventDate "2009.??.??"]

1. e4 e5 2. Nf3 Nc6 3. Bb5 a6 4. Ba4 Nf6 5. Qe2 Be7 6. c3 b5 7. Bc2 O-O 8. d4
d6 9. O-O Bg4 10. d5 Na5 11. a4 Bd7 12. b4 Nb7 13. axb5 axb5 14. Rxa8 Qxa8 15.
Na3 c6 16. dxc6 Bxc6 17. Nxb5 Nd8 18. Re1 Qb7 19. Na3 Ne6 20. Bd3 Bd8 21. Nc4
Bc7 22. Ng5 Nxg5 23. Bxg5 Nd7 24. Be7 Re8 25. Bxd6 f5 26. Bxc7 Qxc7 27. Na5
Bxe4 28. Bxe4 fxe4 29. c4 Rb8 30. Qd2 Nf6 31. b5 Rd8 32. Qb4 Qf7 33. h3 Qh5 34.
c5 Nd5 35. Qxe4 1-0

[Event "Tournoi International de Chamalières"]
[Site "Chamalières"]
[Date "2009.10.29"]
[Round "8.4"]
[White "Sanchez, Nicolas"]
[Black "Ollier, Pablo"]
[Result "0-1"]
[WhiteElo "2159"]
[BlackElo "2248"]
[PlyCount "76"]
[EventDate "2009.??.??"]

1. d4 Nf6 2. c4 e6 3. Nc3 Bb4 4. e3 c5 5. Nf3 Nc6 6. Bd3 Bxc3+ 7. bxc3 d6 8.
O-O e5 9. d5 Ne7 10. e4 h6 11. h3 Qa5 12. Bd2 Bd7 13. Nh2 g5 14. Qf3 Neg8 15.
Rfb1 O-O-O 16. a4 Kb8 17. Be2 Rc8 18. Qd3 Ne7 19. Bg4 Nxg4 20. Nxg4 f5 21. Nf6
Qd8 22. Rb2 Rf8 23. Nxd7+ Qxd7 24. Rab1 Rc7 25. Qf3 Ng6 26. g3 fxe4 27. Qxe4
Rf6 28. Kg2 Qxa4 29. h4 gxh4 30. Bxh6 Qd7 31. Bg5 Qf5 32. Qxf5 Rxf5 33. gxh4
Rcf7 34. f3 Nf4+ 35. Kg3 Nd3 36. Rh2 Rxf3+ 37. Kg4 e4 38. Kh5 Ne5 0-1

[Event "Tournoi International de Chamalières"]
[Site "Chamalières"]
[Date "2009.10.29"]
[Round "8.5"]
[White "Delort, Frederic"]
[Black "Piat, Jerome"]
[Result "1/2-1/2"]
[WhiteElo "2202"]
[BlackElo "2167"]
[PlyCount "21"]
[EventDate "2009.??.??"]

1. d4 g6 2. c4 Bg7 3. e4 c5 4. Nf3 cxd4 5. Nxd4 Nc6 6. Nc2 Nf6 7. Nc3 O-O 8.
Be2 b6 9. O-O Bb7 10. Be3 Rc8 11. f3 1/2-1/2

[Event "Tournoi International de Chamalières"]
[Site "Chamalières"]
[Date "2009.10.29"]
[Round "8.6"]
[White "Rouler, Charly"]
[Black "Serafimov, Dimitar"]
[Result "0-1"]
[WhiteElo "2302"]
[BlackElo "2210"]
[PlyCount "82"]
[EventDate "2009.??.??"]

1. d4 d5 2. c4 e6 3. Nc3 b6 4. Nf3 Bb7 5. cxd5 exd5 6. Qc2 Nf6 7. Bg5 Be7 8. e3
O-O 9. Bd3 Nbd7 10. O-O Re8 11. Rad1 a6 12. Ne5 h6 13. Bf4 Bd6 14. Nxd7 Qxd7
15. Bf5 Qe7 16. Bxd6 Qxd6 17. a3 Re7 18. Rc1 g6 19. Bd3 Ng4 20. g3 Kg7 21. Be2
h5 22. b4 Nh6 23. Bf3 h4 24. Rfd1 hxg3 25. hxg3 Rae8 26. Ne2 g5 27. Rd3 Qf6 28.
Bh5 Bc8 29. Rc3 Ng4 30. Rf1 Rh8 31. Bxg4 Bxg4 32. f4 Qh6 33. Kf2 Qh2+ 34. Ke1
Qg2 35. Rg1 Rh1 36. Rxh1 Qxh1+ 37. Kf2 Qf3+ 38. Ke1 Rxe3 39. Rxe3 Qxe3 40. fxg5
Bxe2 41. Qxe2 Qxe2+ 0-1

[Event "Tournoi International de Chamalières"]
[Site "Chamalières"]
[Date "2009.10.29"]
[Round "8.7"]
[White "Thet, Sylvain"]
[Black "Etchegaray, Patrice"]
[Result "0-1"]
[WhiteElo "2021"]
[BlackElo "2380"]
[PlyCount "72"]
[EventDate "2009.??.??"]

1. d4 Nf6 2. c4 g6 3. Nc3 Bg7 4. e4 d6 5. Nf3 O-O 6. Be2 c5 7. d5 e6 8. O-O
exd5 9. cxd5 Re8 10. Nd2 Nbd7 11. Qc2 a6 12. a4 Nh5 13. Bxh5 gxh5 14. Qd1 Ne5
15. Qe2 Qh4 16. f3 Bd7 17. a5 f5 18. Kh1 Rac8 19. f4 Ng4 20. Nf3 Qf6 21. h3
fxe4 22. Ng5 Nh6 23. Ngxe4 Qg6 24. Qf3 h4 25. Ng5 Nf5 26. Kh2 Ng3 27. Rd1 Nf5
28. Qd3 h6 29. Ne6 Bxe6 30. dxe6 Rxe6 31. Qd5 Rce8 32. Bd2 R8e7 33. Re1 Kh7 34.
Ne4 Nd4 35. f5 Qxf5 36. Qxf5+ Nxf5 0-1

[Event "Tournoi International de Chamalières"]
[Site "Chamalières"]
[Date "2009.10.29"]
[Round "8.8"]
[White "Brethes, Francois"]
[Black "Cwiek, Loic"]
[Result "1-0"]
[WhiteElo "2237"]
[BlackElo "1990"]
[PlyCount "49"]
[EventDate "2009.??.??"]

1. d4 Nf6 2. Nf3 g6 3. c4 Bg7 4. Nc3 d6 5. Bg5 O-O 6. e3 Nbd7 7. Be2 e5 8. Qc2
Re8 9. Rd1 h6 10. Bh4 c6 11. dxe5 dxe5 12. O-O Qc7 13. Nd2 b6 14. Nde4 g5 15.
Bg3 Bf8 16. f4 Nxe4 17. Nxe4 gxf4 18. exf4 f5 19. fxe5 fxe4 20. e6 Qd8 21. Qxe4
Qg5 22. Bd3 Bc5+ 23. Kh1 Nf6 24. Rxf6 Qxf6 25. Be5 1-0

[Event "Tournoi International de Chamalières"]
[Site "Chamalières"]
[Date "2009.10.29"]
[Round "8.9"]
[White "Thomas, Fabien"]
[Black "Flear, Christine"]
[Result "1/2-1/2"]
[WhiteElo "1978"]
[BlackElo "2148"]
[PlyCount "24"]
[EventDate "2009.??.??"]

1. e4 c5 2. Nf3 e6 3. d4 cxd4 4. Nxd4 a6 5. Bd3 Ne7 6. c4 Nbc6 7. Nxc6 Nxc6 8.
Nc3 d6 9. O-O g6 10. Be3 Bg7 11. Qd2 O-O 12. Rad1 Qa5 1/2-1/2

[Event "Tournoi International de Chamalières"]
[Site "Chamalières"]
[Date "2009.10.29"]
[Round "8.10"]
[White "Blanc, Sebastien"]
[Black "Naudion, Gregoire"]
[Result "1-0"]
[WhiteElo "2131"]
[BlackElo "1957"]
[PlyCount "93"]
[EventDate "2009.??.??"]

1. d4 Nf6 2. Nf3 g6 3. c4 Bg7 4. Nc3 O-O 5. e4 d6 6. Be2 e5 7. O-O Nc6 8. d5
Ne7 9. Ne1 Nd7 10. Be3 f5 11. f3 f4 12. Bf2 g5 13. g4 fxg3 14. hxg3 Ng6 15. Ng2
h5 16. Ne3 h4 17. g4 Nf4 18. Kh2 a5 19. b3 Nc5 20. Qc2 Qf6 21. Bg1 Bd7 22. Rad1
Rfd8 23. Rd2 Rf8 24. Nf5 Rfd8 25. Rfd1 Bf8 26. Bf1 b6 27. Nb5 Rdc8 28. Qc3 Ng6
29. Be3 Ne7 30. Rg2 Kf7 31. Qd2 Nxf5 32. gxf5 Bh6 33. Be2 Bxb5 34. cxb5 Rg8 35.
Rdg1 Rg7 36. Rg4 Rag8 37. Bf1 Qd8 38. Bh3 Nd7 39. R4g2 Nf6 40. Bg4 Nxg4+ 41.
Rxg4 Kf6 42. Rc1 Rd7 43. Rc6 Qe7 44. a4 Qd8 45. Qc3 Qb8 46. Bd2 Qd8 47. Qxe5+
1-0

[Event "Tournoi International de Chamalières"]
[Site "Chamalières"]
[Date "2009.10.30"]
[Round "9.1"]
[White "Gleizerov, Evgeny"]
[Black "Claverie, Christophe"]
[Result "1/2-1/2"]
[WhiteElo "2553"]
[BlackElo "2343"]
[PlyCount "53"]
[EventDate "2009.??.??"]

1. d4 Nf6 2. c4 g6 3. Nc3 Bg7 4. e4 d6 5. Nf3 O-O 6. Be2 Bg4 7. Be3 Nfd7 8. h4
e5 9. d5 Bxf3 10. Bxf3 f5 11. h5 f4 12. Bd2 g5 13. h6 Bf6 14. Bg4 a5 15. a3 Nc5
16. b3 Nbd7 17. Rb1 c6 18. b4 axb4 19. axb4 Na6 20. dxc6 bxc6 21. b5 cxb5 22.
Be6+ Kh8 23. cxb5 Nac5 24. Bd5 Ra3 25. Ra1 Rxa1 26. Qxa1 f3 27. gxf3 1/2-1/2

[Event "Tournoi International de Chamalières"]
[Site "Chamalières"]
[Date "2009.10.30"]
[Round "9.2"]
[White "Robin, Samy"]
[Black "Serafimov, Tervel"]
[Result "1/2-1/2"]
[WhiteElo "2350"]
[BlackElo "2410"]
[PlyCount "37"]
[EventDate "2009.??.??"]

1. e4 c6 2. d4 d5 3. Nd2 dxe4 4. Nxe4 Bf5 5. Ng3 Bg6 6. Nf3 Nd7 7. h4 h6 8. h5
Bh7 9. Bd3 Bxd3 10. Qxd3 Qc7 11. Bd2 e6 12. O-O-O Ngf6 13. Qe2 O-O-O 14. Ne5
Nb6 15. Ba5 Bd6 16. f4 c5 17. dxc5 Bxc5 18. Ne4 Bd4 19. Bxb6 1/2-1/2

[Event "Tournoi International de Chamalières"]
[Site "Chamalières"]
[Date "2009.10.30"]
[Round "9.4"]
[White "Etchegaray, Patrice"]
[Black "Blanc, Sebastien"]
[Result "1-0"]
[WhiteElo "2380"]
[BlackElo "2131"]
[PlyCount "39"]
[EventDate "2009.??.??"]

1. e4 e5 2. Nf3 Nc6 3. Bb5 a6 4. Ba4 Nf6 5. O-O b5 6. Bb3 Bc5 7. a4 Rb8 8. axb5
axb5 9. Nxe5 Nxe5 10. d4 Bxd4 11. Qxd4 d6 12. f4 c5 13. Qc3 Neg4 14. e5 Ne4 15.
Qf3 d5 16. c4 Nxh2 17. Kxh2 Qh4+ 18. Kg1 Bg4 19. Qd3 Ng3 20. Re1 1-0

[Event "Tournoi International de Chamalières"]
[Site "Chamalières"]
[Date "2009.10.30"]
[Round "9.5"]
[White "Serafimov, Dimitar"]
[Black "Delort, Frederic"]
[Result "1-0"]
[WhiteElo "2210"]
[BlackElo "2202"]
[PlyCount "89"]
[EventDate "2009.??.??"]

1. c4 e6 2. Nf3 d5 3. g3 Nf6 4. Bg2 dxc4 5. Qa4+ Nbd7 6. O-O a6 7. Qxc4 b5 8.
Qc2 Bb7 9. d3 c5 10. b3 Bd6 11. Bb2 O-O 12. Nbd2 Qb6 13. Rac1 Rac8 14. Qb1 Rfd8
15. Qa1 Bf8 16. h4 Nd5 17. Ne4 f6 18. Nfd2 e5 19. Nc3 Nxc3 20. Bxc3 Bxg2 21.
Kxg2 Nb8 22. Rc2 Nc6 23. Kg1 Nd4 24. Bxd4 cxd4 25. Rxc8 Rxc8 26. Rc1 Rc6 27. a4
Qc7 28. Rxc6 Qxc6 29. axb5 axb5 30. Qa2 Bb4 31. Nf3 h6 32. h5 Qd5 33. Qc2 Bc3
34. Nh4 e4 35. dxe4 Qxh5 36. Nf5 Qe8 37. Qd3 Qe6 38. Qxb5 g6 39. Qb8+ Kf7 40.
Qb7+ Kf8 41. Qg7+ Ke8 42. Qxg6+ Kd7 43. Qh7+ Kc6 44. Ne7+ Kb6 45. Nd5+ 1-0

[Event "Tournoi International de Chamalières"]
[Site "Chamalières"]
[Date "2009.10.30"]
[Round "9.6"]
[White "Piat, Jerome"]
[Black "Mania, Clement"]
[Result "0-1"]
[WhiteElo "2167"]
[BlackElo "2066"]
[PlyCount "60"]
[EventDate "2009.??.??"]

1. e4 b6 2. d4 Bb7 3. Bd3 Nf6 4. Qe2 Nc6 5. c3 e5 6. d5 Ne7 7. f4 exf4 8. Bxf4
Ng6 9. Bg3 Bc5 10. Nf3 a5 11. Nbd2 O-O 12. c4 d6 13. Nh4 Bc8 14. O-O-O Bg4 15.
Ndf3 Nh5 16. Nxg6 fxg6 17. e5 dxe5 18. Qxe5 Bd6 19. Qd4 Bxf3 20. gxf3 Qg5+ 21.
Kb1 Bxg3 22. hxg3 Rxf3 23. d6 Nxg3 24. Rhg1 c5 25. Rxg3 Rxg3 26. Qe4 Rd8 27.
Qe6+ Kh8 28. d7 Re3 29. Qxb6 Rxd7 30. Qc6 Qd8 0-1

[Event "Tournoi International de Chamalières"]
[Site "Chamalières"]
[Date "2009.10.30"]
[Round "9.7"]
[White "Ollier, Milan"]
[Black "Rouler, Charly"]
[Result "0-1"]
[WhiteElo "2089"]
[BlackElo "2302"]
[PlyCount "48"]
[EventDate "2009.??.??"]

1. e4 c5 2. Nf3 e6 3. d4 cxd4 4. Nxd4 a6 5. c4 Nf6 6. Nc3 d6 7. Be2 Be7 8. O-O
O-O 9. Be3 Qc7 10. Rc1 b6 11. f4 Nbd7 12. b4 Bb7 13. f5 e5 14. Nd5 Qd8 15. Nb3
Nxe4 16. Bf3 Bg5 17. Bxb6 Nxb6 18. Bxe4 Bxc1 19. f6 Bxd5 20. fxg7 Be3+ 21. Kh1
Bxe4 22. Qg4 Bg6 23. gxf8=Q+ Kxf8 24. h4 h5 0-1

[Event "Tournoi International de Chamalières"]
[Site "Chamalières"]
[Date "2009.10.30"]
[Round "9.8"]
[White "Barberis, Valentin"]
[Black "Sanchez, Nicolas"]
[Result "0-1"]
[WhiteElo "1785"]
[BlackElo "2159"]
[PlyCount "67"]
[EventDate "2009.??.??"]

1. e4 g6 2. d4 Bg7 3. Nf3 d6 4. Nc3 Nf6 5. Bg5 h6 6. Be3 c6 7. Be2 O-O 8. O-O
Nbd7 9. h3 e5 10. Qd2 Kh7 11. Rad1 Qe7 12. dxe5 dxe5 13. Ne1 Nc5 14. f3 Ne6 15.
Nd3 Rd8 16. Qc1 Nd4 17. Rd2 Nh5 18. Rfd1 Be6 19. b3 b6 20. Nb1 Qh4 21. Bf2 Qg5
22. Kh2 Nf4 23. Nxf4 Qxf4+ 24. Bg3 Qf6 25. Bd3 h5 26. c3 Nxf3+ 27. gxf3 h4 28.
Bxh4 Qxh4 29. Bf1 Bh6 30. Rxd8 Bxc1 31. Rxa8 Bf4+ 32. Kg1 Qg3+ 33. Bg2 Bxh3 34.
Rd2 0-1

[Event "Tournoi International de Chamalières"]
[Site "Chamalières"]
[Date "2009.10.30"]
[Round "9.9"]
[White "Flear, Christine"]
[Black "Marie, Adrien"]
[Result "1-0"]
[WhiteElo "2148"]
[BlackElo "2074"]
[PlyCount "65"]
[EventDate "2009.??.??"]

1. d4 Nf6 2. c4 e6 3. Nf3 b6 4. a3 Be7 5. Nc3 c6 6. e4 d5 7. e5 Nfd7 8. cxd5
exd5 9. Bd3 Ba6 10. Bxa6 Nxa6 11. Qa4 Qc8 12. Bg5 Bxg5 13. Nxg5 h6 14. Nf3 O-O
15. O-O Qb7 16. Nh4 b5 17. Qd1 Nb6 18. Nf5 Kh7 19. Qh5 Qd7 20. f4 Qe6 21. Rf3
Qg6 22. Qh3 Qe6 23. Rg3 Rg8 24. Qh5 Nd7 25. Ne3 g6 26. Qh4 f5 27. exf6 Qxf6 28.
Qh3 Rg7 29. Qxh6+ Kg8 30. Ne2 Nc7 31. Ng4 Qe6 32. Ne5 Nxe5 33. fxe5 1-0

[Event "Tournoi International de Chamalières"]
[Site "Chamalières"]
[Date "2009.10.30"]
[Round "9.10"]
[White "Bertin, Jean-Loup"]
[Black "Saunders, Mark"]
[Result "1-0"]
[WhiteElo "1995"]
[BlackElo "1849"]
[PlyCount "79"]
[EventDate "2009.??.??"]

1. d4 Nf6 2. c4 c5 3. d5 b5 4. cxb5 a6 5. b6 Qxb6 6. Nc3 d6 7. e4 g6 8. h3 Bg7
9. Bd3 O-O 10. Nf3 Bb7 11. O-O Nbd7 12. a4 Qc7 13. Bf4 c4 14. Bc2 Rfd8 15. Qe2
Rab8 16. Rfd1 Ba8 17. Ra2 Re8 18. g4 h5 19. g5 Nh7 20. a5 Nhf8 21. Ba4 e5 22.
Be3 Rec8 23. Rc1 Nc5 24. Qxc4 Qxa5 25. Bc2 Qb4 26. Qxb4 Rxb4 27. Bxc5 Rxc5 28.
Ne1 Rc8 29. Nd3 Rb6 30. Rca1 Bb7 31. Ra5 Nd7 32. R1a2 Nc5 33. Nxc5 dxc5 34. Na4
Rb5 35. Rxb5 axb5 36. Nb6 Rd8 37. Ra7 Bxd5 38. Nxd5 Bf8 39. Rb7 b4 40. Bb3 1-0